| 000 | 01509nam a2200313 a 4500 | ||
|---|---|---|---|
| 001 | 000012712 | ||
| 003 | DO-SdBNP | ||
| 005 | 20240530073931.0 | ||
| 007 | ta | ||
| 008 | 091116t1996 dr a 001 e spa d | ||
| 040 |
_aDO-SdBNP _bspa _cBNPHU |
||
| 049 | _aBNPD | ||
| 082 | 4 |
_aRD864.44 _bR457t _222 |
|
| 100 | 1 |
_aReyes Sánchez, Miguel, _d1966- _92285 |
|
| 245 | 1 | 0 |
_aTravesías de un navegante / _cMiguel Reyes Sánchez ; presentación Marcio Veloz Maggiolo ; edición Miguel A. Frómeta V ; ilustración Candido Bidó. |
| 260 |
_aSanto Domingo : _bBanco Central de la República Dominicana, _c1996. |
||
| 300 |
_a184 p. : _bilustración ; _c23 cm. |
||
| 500 | _aIncluye datos biográficos del autor en las solapas. | ||
| 500 | _aIncluye referencias bibliográficas y notas al pie de las páginas. | ||
| 505 | 0 |
_aA manera de presentación / _rMarcio Veloz Maggiolo -- _tI .- Por la conciencia de los hombres -- _tIlustración "Más allá del paraíso" / _rCándido Bidó -- _tPrólogo de León David -- _tII .- Por la conciencia de los pueblos -- _tIlustración "Constructores nocturnos" / _rCándido Bidó -- _tPrólogo de José del Castillo. |
|
| 590 | _aInventariado, 2023/BT | ||
| 650 | 0 |
_aEnsayos dominicanos _965 |
|
| 650 | 0 |
_aLiteratura dominicana. _967 |
|
| 700 | 1 |
_aFrómeta V., Miguel A., _eedición _929481 |
|
| 700 | 1 |
_aVeloz Maggiolo, Marcio, _d1936-2021 _91104 |
|
| 700 | 1 |
_aBidó, Cándido, _d1936-2011 _eilustración _929482 |
|
| 910 | _aValidado. Control de calidad EMS. | ||
| 942 |
_2ddc _cLBS1 |
||
| 999 |
_c12363 _d12363 |
||